[Event "FIDE World Rapid Team"]
[Site "Almaty KAZ"]
[Date "2024.08.02"]
[Round "2.7"]
[White "Makhnev, Denis"]
[Black "Ding, Liren"]
[Result "0-1"]
[WhiteTitle "GM"]
[BlackTitle "GM"]
[WhiteElo "2551"]
[BlackElo "2745"]
[WhiteTeam "Astana-1"]
[BlackTeam "Decade China Team"]
[WhiteFideId "13707647"]
[BlackFideId "8603677"]
[EventDate "2024.08.02"]

1. d4 d5 2. c4 c6 3. Nf3 Nf6 4. Nc3 e6 5. Bg5 h6 6. Bh4 dxc4 7. e4 g5 8. Bg3 b5
9. Be2 Bb7 10. O-O Nbd7 11. Ne5 Bg7 12. Nxf7 Kxf7 13. e5 Nd5 14. Ne4 Ke7 15. Nd6
Qb6 16. a4 a6 17. Bf3 Raf8 18. Bxd5 cxd5 19. axb5 axb5 20. h4 Rhg8 21. hxg5 hxg5
22. Qd2 Bh6 23. Qb4 Kd8 24. Ra5 Ba6 25. Rfa1 Nb8 26. Nxb5 Rf7 27. Qa4 Qc6 28.
Nd6 Qxa4 29. Nxf7+ Ke7 30. R1xa4 Kxf7 31. f3 Rc8 32. Rxa6 Nxa6 33. Rxa6 Rb8 34.
Ra2 g4 35. fxg4 Bc1 36. Kf2 Bxb2 37. Ke3 Rb3+ 38. Kf4 Bc1+ 0-1

[Event "FIDE World Rapid Team"]
[Site "Almaty KAZ"]
[Date "2024.08.02"]
[Round "2.9"]
[White "Zhalmakhanov, Ramazan"]
[Black "Yu, Yangyi"]
[Result "0-1"]
[WhiteTitle "IM"]
[BlackTitle "GM"]
[WhiteElo "2497"]
[BlackElo "2703"]
[WhiteTeam "Astana-1"]
[BlackTeam "Decade China Team"]
[WhiteFideId "13706357"]
[BlackFideId "8603820"]
[EventDate "2024.08.02"]

1. e4 c5 2. Nf3 e6 3. d4 cxd4 4. Nxd4 a6 5. Bd3 Bc5 6. Nb3 Ba7 7. Qg4 Nf6 8. Qg3
d6 9. O-O Nc6 10. Nc3 Ne5 11. Kh1 b5 12. f4 Nxd3 13. cxd3 b4 14. Ne2 O-O 15. f5
exf5 16. Nbd4 fxe4 17. Bg5 Nh5 18. Qh4 f6 19. Qxe4 d5 20. Qf3 fxg5 21. Qxh5 h6
22. Qg6 Bg4 23. h3 Bxe2 24. Qe6+ Kh7 25. Nxe2 Qe8 26. Qg4 h5 27. Rxf8 hxg4 28.
Rxe8 Rxe8 29. Ng1 gxh3 30. Nxh3 g4 31. Nf4 g3 32. Rd1 g5 33. Nxd5 Kg7 34. d4
Bxd4 0-1

[Event "FIDE World Rapid Team"]
[Site "Almaty KAZ"]
[Date "2024.08.02"]
[Round "2.10"]
[White "Wang, Yue"]
[Black "Kamalidenova, Meruert"]
[Result "1-0"]
[WhiteTitle "GM"]
[BlackTitle "IM"]
[WhiteElo "2637"]
[BlackElo "2352"]
[WhiteTeam "Decade China Team"]
[BlackTeam "Astana-1"]
[WhiteFideId "8601429"]
[BlackFideId "13712802"]
[EventDate "2024.08.02"]

1. e4 c5 2. Nf3 Nc6 3. Bb5 d6 4. O-O Bd7 5. Re1 Nf6 6. h3 a6 7. Bf1 e5 8. c3 g5
9. d4 g4 10. hxg4 Bxg4 11. dxc5 dxc5 12. Qxd8+ Rxd8 13. Nh4 h5 14. Na3 Be7 15.
Nf5 h4 16. Nc4 h3 17. gxh3 Bxh3 18. Bxh3 Rxh3 19. Kg2 Rh8 20. Ng3 Ng4 21. Kf3
Nf6 22. Bg5 b5 23. Ne3 Ng8 24. Bxe7 Ngxe7 25. Red1 Rh4 26. Nef5 Rh3 27. Kg2 Rh7
28. a4 Ng6 29. Rxd8+ Kxd8 30. Ne2 Kc7 31. axb5 axb5 32. Ne3 Nce7 33. Ra6 Rh4 34.
f3 Rh6 35. Ra7+ Kb6 36. Ra8 Nh4+ 37. Kg3 f5 38. Re8 f4+ 39. Kg4 Nhg6 40. Nf5 Rh7
41. Kg5 Kc6 42. Nc1 Kd7 43. Ra8 Nf8 44. Rxf8 c4 45. Rb8 Kc7 46. Rxb5 Nc6 47. Na2
Rh3 48. Kg4 1-0

[Event "FIDE World Rapid Team"]
[Site "Almaty KAZ"]
[Date "2024.08.02"]
[Round "2.11"]
[White "Agmanov, Zhandos"]
[Black "Ju, Wenjun"]
[Result "0-1"]
[WhiteTitle "IM"]
[BlackTitle "GM"]
[WhiteElo "2458"]
[BlackElo "2563"]
[WhiteTeam "Astana-1"]
[BlackTeam "Decade China Team"]
[WhiteFideId "13708309"]
[BlackFideId "8603006"]
[EventDate "2024.08.02"]

1. e4 e5 2. Nf3 Nc6 3. Bb5 Nf6 4. d3 Bc5 5. c3 O-O 6. O-O d5 7. Nbd2 dxe4 8.
dxe4 Qe7 9. a4 a5 10. Qc2 Nb8 11. Be2 Nbd7 12. Nc4 b6 13. Bg5 Bb7 14. Bd3 h6 15.
Bh4 Qe6 16. Bg3 Bd6 17. Nxd6 cxd6 18. Nd2 Nc5 19. Bc4 Bxe4 20. Nxe4 Qxc4 21.
Nxd6 Qe6 22. Nb5 Rad8 23. Rfe1 e4 24. Nd4 Qd7 25. Bh4 g5 26. Bg3 Nd5 27. Nb5 f5
28. Bd6 Rfe8 29. Bxc5 bxc5 30. Rad1 Qe6 31. Qd2 Qe7 32. Qe2 Nf4 33. Qc4+ Kg7 34.
Qb3 Nd3 35. Re2 f4 36. Qc2 Qd7 37. c4 f3 38. Qc3+ Kg8 39. gxf3 exf3 40. Rxe8+
Rxe8 0-1

[Event "FIDE World Rapid Team"]
[Site "Almaty KAZ"]
[Date "2024.08.02"]
[Round "2.14"]
[White "Maghsoodloo, Parham"]
[Black "Mamedov, Edgar"]
[Result "1-0"]
[WhiteTitle "GM"]
[BlackTitle "FM"]
[WhiteElo "2723"]
[BlackElo "2443"]
[WhiteTeam "Al-Ain ACMG UAE"]
[BlackTeam "Teniz Kazakhstan"]
[WhiteFideId "12539929"]
[BlackFideId "13739980"]
[EventDate "2024.08.02"]

1. d4 d5 2. c4 e6 3. Nc3 a6 4. cxd5 exd5 5. Bf4 c6 6. e3 Bd6 7. Bd3 Bxf4 8. exf4
Nf6 9. h3 O-O 10. Nf3 Re8+ 11. Ne5 c5 12. dxc5 Nbd7 13. O-O Nxc5 14. Rc1 Be6 15.
Bb1 Rc8 16. Ne2 Qb6 17. Qd4 Qb5 18. Ng3 Nce4 19. Bd3 Qa5 20. Rxc8 Bxc8 21. a3
Qd2 22. Ne2 Be6 23. f3 Rc8 24. f5 Bxf5 25. fxe4 Bxe4 26. Bxe4 Qxd4+ 27. Nxd4
dxe4 28. Nb3 Nd5 29. Rd1 Nf4 30. Rf1 Ne2+ 31. Kh2 f6 32. Ng4 h5 33. Ne3 h4 34.
Nf5 Rc2 35. Rf2 g6 36. Ne3 Rxb2 37. Nd4 Ra2 38. Nxe2 Rxa3 39. Nd5 f5 40. Nef4
Kg7 41. Rc2 b5 42. Rc7+ Kh6 43. Rc6 Rg3 44. Rxa6 Kh7 45. Ne7 b4 46. Nexg6 b3 47.
Nxh4 Rc3 48. Nxf5 1-0

[Event "FIDE World Rapid Team"]
[Site "Almaty KAZ"]
[Date "2024.08.02"]
[Round "2.15"]
[White "Balabayeva, Xeniya"]
[Black "Artemiev, Vladislav"]
[Result "0-1"]
[WhiteTitle "WIM"]
[BlackTitle "GM"]
[WhiteElo "2335"]
[BlackElo "2699"]
[WhiteTeam "Teniz Kazakhstan"]
[BlackTeam "Al-Ain ACMG UAE"]
[WhiteFideId "13719688"]
[BlackFideId "24101605"]
[EventDate "2024.08.02"]

1. e4 c5 2. Nf3 d6 3. Bb5+ Nd7 4. d4 cxd4 5. Qxd4 a6 6. Bxd7+ Qxd7 7. Nc3 e5 8.
Qd3 Qc6 9. O-O Be6 10. Re1 Be7 11. Bg5 Bxg5 12. Nxg5 Bc4 13. Qg3 Ne7 14. b3 Be6
15. Re3 Ng6 16. Nxe6 fxe6 17. Qg4 Qd7 18. Rd1 Rd8 19. h4 O-O 20. h5 Nh8 21. Rg3
Qf7 22. Rf1 Qf6 23. Ne2 Nf7 24. f4 d5 25. fxe5 Qxf1+ 26. Kxf1 Nxe5+ 27. Ke1 Nxg4
28. Rxg4 Rd7 29. Nf4 dxe4 30. Nxe6 Rf6 31. Nc5 Re7 32. Ke2 Rc6 33. Nxe4 Rxc2+
34. Kd3 Rxa2 35. h6 Kh8 36. Nd6 Rd7 0-1

[Event "FIDE World Rapid Team"]
[Site "Almaty KAZ"]
[Date "2024.08.02"]
[Round "2.16"]
[White "Murzin, Volodar"]
[Black "Nurgaliyev, Sauat"]
[Result "1-0"]
[WhiteTitle "GM"]
[BlackTitle "FM"]
[WhiteElo "2641"]
[BlackElo "2380"]
[WhiteTeam "Al-Ain ACMG UAE"]
[BlackTeam "Teniz Kazakhstan"]
[WhiteFideId "44155573"]
[BlackFideId "13726285"]
[EventDate "2024.08.02"]

1. d4 Nf6 2. Nf3 g6 3. Bg5 Bg7 4. Nbd2 d6 5. e4 O-O 6. c3 h6 7. Bh4 c5 8. Be2
Nh5 9. dxc5 dxc5 10. Nc4 Nc6 11. Qc2 Nf4 12. O-O Bg4 13. Bg3 Nxe2+ 14. Qxe2 Qc8
15. Ne3 Rd8 16. Nxg4 Qxg4 17. Qb5 Qxe4 18. Qxb7 Qd5 19. Qb3 Na5 20. Qxd5 Rxd5
21. Rae1 e6 22. Re2 Nc6 23. Nd2 Rad8 24. Nc4 Rd1 25. Rfe1 h5 26. Kf1 R1d7 27.
Bh4 Rb8 28. f3 Ne7 29. Bxe7 Rxe7 30. Rd2 Reb7 31. Red1 Bf6 32. Rd7 h4 33. Rxb7
Rxb7 34. Rd6 Rc7 35. Ra6 Rd7 36. Ke2 Bg5 37. g3 h3 38. Rd6 Rc7 39. f4 Bf6 40.
Kf3 Be7 41. Ra6 Kg7 42. Kg4 Kf8 43. Kxh3 Ke8 44. Kg4 Rb7 45. Kf3 Rc7 46. Ne5 Rb7
47. b3 Bf6 48. c4 Bd8 49. Rc6 Bb6 50. Rc8+ Ke7 51. h4 a5 52. Ra8 Kd6 53. g4 Rc7
54. Rf8 f5 55. g5 a4 56. Nxg6 Ra7 57. h5 axb3 58. axb3 Ra3 59. h6 Rxb3+ 60. Ke2
Rh3 61. Rf7 Ba5 62. Ne5 Rh2+ 63. Kf3 Rh3+ 64. Kg2 1-0

[Event "FIDE World Rapid Team"]
[Site "Almaty KAZ"]
[Date "2024.08.02"]
[Round "2.17"]
[White "Bizhigitov, Zhangir"]
[Black "Lagno, Kateryna"]
[Result "0-1"]
[WhiteTitle "FM"]
[BlackTitle "GM"]
[WhiteElo "2237"]
[BlackElo "2532"]
[WhiteTeam "Teniz Kazakhstan"]
[BlackTeam "Al-Ain ACMG UAE"]
[WhiteFideId "13725599"]
[BlackFideId "14109336"]
[EventDate "2024.08.02"]

1. e4 e5 2. Nf3 Nc6 3. Bb5 a6 4. Ba4 Nf6 5. O-O Be7 6. Re1 b5 7. Bb3 O-O 8. a4
Bb7 9. d3 Re8 10. Nc3 Nd4 11. Nxd4 exd4 12. Ne2 c5 13. Ng3 d5 14. e5 Nd7 15. c3
Bf8 16. f4 c4 17. Bc2 dxc3 18. bxc3 cxd3 19. Qxd3 g6 20. axb5 Nc5 21. Qd1 axb5
22. Rxa8 Bxa8 23. Be3 Ne4 24. Bd4 b4 25. Ba4 Re6 26. cxb4 Bxb4 27. Re3 Qh4 28.
Nxe4 dxe4 29. Rb3 Qe7 30. Qb1 Bc5 31. Rb8+ Kg7 32. Bxc5 Qxc5+ 33. Kh1 Ra6 34.
Rb4 e3 35. Bd1 e2 36. Bxe2 Qxb4 0-1

[Event "FIDE World Rapid Team"]
[Site "Almaty KAZ"]
[Date "2024.08.02"]
[Round "2.18"]
[White "Al Maamari, Wafia Darwish"]
[Black "Fedorov, Grigory"]
[Result "1/2-1/2"]
[WhiteTitle "WFM"]
[WhiteElo "1925"]
[BlackElo "1904"]
[WhiteTeam "Al-Ain ACMG UAE"]
[BlackTeam "Teniz Kazakhstan"]
[WhiteFideId "9305734"]
[BlackFideId "4123530"]
[EventDate "2024.08.02"]

1. Nf3 Nf6 2. b3 g6 3. Bb2 Bg7 4. g3 O-O 5. Bg2 c5 6. c4 d5 7. cxd5 Nxd5 8. Bxg7
Kxg7 9. O-O Nc6 10. Qc2 b6 11. Nc3 Bb7 12. d3 Nd4 13. Qb2 Nxc3 14. Qxc3 e5 15.
Nxd4 cxd4 16. Qd2 Bxg2 17. Kxg2 Qd5+ 18. Kg1 a5 19. Rfc1 a4 20. bxa4 Rxa4 21.
Qc2 Rfa8 22. Qc6 Qxc6 23. Rxc6 Rxa2 24. Rxa2 Rxa2 25. Kf1 Rb2 26. f4 f6 27. Rc7+
Kh6 28. Kf2 e4 29. dxe4 d3 30. Rd7 Rxe2+ 31. Kf3 Rxh2 32. Rxd3 Rb2 33. Rd6 Kh5
34. Rxf6 Rb3+ 35. Kf2 Kg4 36. e5 Rb2+ 37. Ke1 Kxg3 38. Rf7 h5 39. e6 Rb4 40. e7
Re4+ 41. Kf1 h4 42. Rf6 b5 43. Rxg6+ Kxf4 44. Rb6 Rxe7 45. Rxb5 Re3 46. Kg1 Kg3
47. Rb1 h3 48. Ra1 Rf3 49. Rb1 Rd3 50. Ra1 h2+ 51. Kh1 Rf3 52. Rb1 Kh3 53. Ra1
Rg3 54. Rb1 1/2-1/2

[Event "FIDE World Rapid Team"]
[Site "Almaty KAZ"]
[Date "2024.08.02"]
[Round "2.1"]
[White "Rapport, Richard"]
[Black "Short, Nigel D"]
[Result "1-0"]
[WhiteTitle "GM"]
[BlackTitle "GM"]
[WhiteElo "2715"]
[BlackElo "2594"]
[WhiteTeam "Chessy"]
[BlackTeam "FIDE Management Board"]
[WhiteFideId "738590"]
[BlackFideId "400025"]
[EventDate "2024.08.02"]

1. e4 e5 2. Nf3 Nc6 3. Bb5 a6 4. Ba4 Nf6 5. Nc3 Be7 6. Bxc6 dxc6 7. Qe2 Bg4 8.
h3 Bxf3 9. Qxf3 Qd6 10. d3 O-O-O 11. Nd1 Qe6 12. Bd2 Kb8 13. Ne3 g6 14. a4 h5
15. b4 Nd7 16. O-O Rhf8 17. b5 cxb5 18. axb5 axb5 19. Nd5 Bc5 20. Ra8+ Kxa8 21.
Nxc7+ Kb8 22. Nxe6 fxe6 23. Qg3 Rf6 24. Bg5 Rdf8 25. Bxf6 Rxf6 26. c3 Kc7 27. d4
Bd6 28. Qd3 exd4 29. cxd4 e5 30. f4 1-0

[Event "FIDE World Rapid Team"]
[Site "Almaty KAZ"]
[Date "2024.08.02"]
[Round "2.2"]
[White "Bologan, Victor"]
[Black "Martirosyan, Haik M."]
[Result "1/2-1/2"]
[WhiteTitle "GM"]
[BlackTitle "GM"]
[WhiteElo "2598"]
[BlackElo "2667"]
[WhiteTeam "FIDE Management Board"]
[BlackTeam "Chessy"]
[WhiteFideId "13900048"]
[BlackFideId "13306553"]
[EventDate "2024.08.02"]

1. e4 e5 2. Nf3 Nc6 3. Bb5 Nf6 4. d3 Bc5 5. Bxc6 dxc6 6. Nbd2 O-O 7. h3 Nd7 8.
Nf1 a5 9. g4 Re8 10. Ng3 Bf8 11. Bg5 f6 12. Be3 Nc5 13. Qd2 Ne6 14. d4 exd4 15.
Nxd4 Nxd4 16. Bxd4 Be6 17. f3 c5 18. Be3 Qxd2+ 19. Bxd2 a4 20. a3 b5 21. Bf4 Ra7
22. Rh2 b4 23. Rd2 c4 24. axb4 Bxb4 25. c3 a3 26. Ne2 axb2 27. Rb1 Ba3 28. Nd4
Rb7 29. Nxe6 Rxe6 30. Kd1 Kf7 31. Rd7+ Re7 32. Rd4 Bc5 33. Rxc4 Rd7+ 34. Kc2 Ba3
35. Ra4 Bd6 36. Rd4 Ke6 37. Be3 Rd8 38. Ra4 h5 39. Rxb2 Rxb2+ 40. Kxb2 hxg4 41.
hxg4 g5 42. Bd4 c5 43. Be3 Rh8 44. Ra6 Kd7 45. Ra5 Kc6 46. Kb3 Kb6 47. Ra2 Rh3
48. Rf2 Kb5 49. c4+ Kc6 50. Kc3 Bg3 51. Rf1 Rh2 52. f4 gxf4 53. Bxf4 Rg2 54.
Bxg3 Rxg3+ 55. Kd2 Kd6 56. Rxf6+ Ke5 57. Rf5+ Kd4 58. Rg5 Kxc4 59. Ke2 Kd4 60.
Kf2 Ra3 61. Rd5+ Kxe4 62. Rxc5 Kf4 63. Rc4+ 1/2-1/2

[Event "FIDE World Rapid Team"]
[Site "Almaty KAZ"]
[Date "2024.08.02"]
[Round "2.3"]
[White "Vidit, Santosh Gujrathi"]
[Black "Al-Mudahka, Mohd"]
[Result "0-1"]
[WhiteTitle "GM"]
[BlackTitle "GM"]
[WhiteElo "2720"]
[BlackElo "2542"]
[WhiteTeam "Chessy"]
[BlackTeam "FIDE Management Board"]
[WhiteFideId "5029465"]
[BlackFideId "12100030"]
[EventDate "2024.08.02"]

1. d4 Nf6 2. c4 e5 3. dxe5 Ng4 4. e4 Nxe5 5. f4 Nec6 6. Nf3 Bc5 7. Nc3 d6 8. Na4
Bb4+ 9. Bd2 a5 10. Be2 O-O 11. O-O Re8 12. Nc3 Nd7 13. a3 Bc5+ 14. Kh1 Nf6 15.
Bd3 Ng4 16. Qe1 Bd7 17. Qg3 Nf6 18. f5 Ne5 19. Bc2 Qe7 20. Nxe5 dxe5 21. Bh6 Qf8
22. Bg5 Kh8 23. Bxf6 gxf6 24. Nd5 Qd6 25. Qh4 Ra6 26. b4 Bd4 27. c5 Qf8 28. Nxf6
Qg7 29. Nxe8 Bxe8 30. f6 Qg6 31. Bd3 Ra8 32. Rae1 axb4 33. axb4 Ra2 34. Re2 Ra3
35. Qh3 h6 36. Qc8 Rxd3 37. Qxe8+ Kh7 38. g3 Qh5 39. Rg2 Rd1 40. Rgg1 Qf3+ 0-1

[Event "FIDE World Rapid Team"]
[Site "Almaty KAZ"]
[Date "2024.08.02"]
[Round "2.4"]
[White "Zhu, Chen"]
[Black "Erdogmus, Yagiz Kaan"]
[Result "0-1"]
[WhiteTitle "GM"]
[BlackTitle "IM"]
[WhiteElo "2423"]
[BlackElo "2599"]
[WhiteTeam "FIDE Management Board"]
[BlackTeam "Chessy"]
[WhiteFideId "8600546"]
[BlackFideId "44599790"]
[EventDate "2024.08.02"]

1. d4 Nf6 2. c4 e6 3. Nf3 Bb4+ 4. Bd2 a5 5. g3 d5 6. a3 Be7 7. cxd5 exd5 8. Qc2
O-O 9. Nc3 c6 10. Bg2 Bg4 11. Ne5 Be6 12. O-O Nbd7 13. f4 g6 14. f5 Bxf5 15.
Rxf5 gxf5 16. Qxf5 Nxe5 17. dxe5 Ne8 18. Bh6 Qc8 19. Qxc8 Rxc8 20. Bxf8 Bxf8 21.
Bh3 Rc7 22. e6 Bc5+ 23. Kg2 Nd6 24. Rf1 fxe6 25. Bxe6+ Kg7 26. Bg4 Nc4 27. Nd1
a4 28. Bf5 Bd4 29. Rf4 Bxb2 30. Rxc4 dxc4 31. Nxb2 b5 32. Nd1 c5 33. Nc3 b4 34.
Nxa4 Ra7 35. axb4 cxb4 36. Nb6 c3 37. Nd5 Ra5 38. Nxb4 Rxf5 39. e4 Rb5 0-1

[Event "FIDE World Rapid Team"]
[Site "Almaty KAZ"]
[Date "2024.08.02"]
[Round "2.5"]
[White "Muzychuk, Anna"]
[Black "Reizniece-Ozola, Dana"]
[Result "1-0"]
[WhiteTitle "GM"]
[BlackTitle "WGM"]
[WhiteElo "2525"]
[BlackElo "2255"]
[WhiteTeam "Chessy"]
[BlackTeam "FIDE Management Board"]
[WhiteFideId "14111330"]
[BlackFideId "11601124"]
[EventDate "2024.08.02"]

1. e4 d6 2. d4 g6 3. Nc3 Bg7 4. Be3 a6 5. Qd2 b5 6. f3 Nd7 7. h4 h5 8. Nh3 Bb7
9. Ng5 c5 10. dxc5 dxc5 11. O-O-O Bc6 12. Bxc5 Qa5 13. Bd4 e5 14. Be3 Ne7 15.
Kb1 b4 16. Nd5 Nxd5 17. exd5 Bb5 18. Ne4 O-O 19. g4 Nb6 20. gxh5 Bxf1 21. Rhxf1
Nc4 22. Qd3 Nxe3 23. Qxe3 Rfd8 24. hxg6 f5 25. Qg5 fxe4 26. fxe4 Rd6 27. Qh5 1-0

[Event "FIDE World Rapid Team"]
[Site "Almaty KAZ"]
[Date "2024.08.02"]
[Round "2.6"]
[White "Musauly, Nurali"]
[Black "Ainakul, Mukhtar"]
[Result "0-1"]
[WhiteElo "1816"]
[BlackElo "1935"]
[WhiteTeam "FIDE Management Board"]
[BlackTeam "Chessy"]
[WhiteFideId "447000678"]
[BlackFideId "13727354"]
[EventDate "2024.08.02"]

1. Nf3 d5 2. e3 Nf6 3. c4 e6 4. Nc3 Be7 5. b3 O-O 6. Bb2 b6 7. cxd5 exd5 8. d4
Bb7 9. Bd3 Re8 10. O-O Ne4 11. Ne2 Bd6 12. Rc1 Nd7 13. Qc2 g6 14. Ne5 Rc8 15.
Bxe4 dxe4 16. Nc4 Bf8 17. Rfd1 Bd5 18. Nf4 Nf6 19. Ne5 c6 20. h4 Bh6 21. g3 Bxf4
22. exf4 Nh5 23. Qe2 Qd6 24. Qe3 Ng7 25. Nc4 Qe6 26. Re1 Qh3 27. Nd6 Nf5 28.
Nxf5 Qxf5 29. Kh2 Re7 30. Qd2 Be6 31. d5 Qh3+ 32. Kg1 Bg4 33. f3 Qxg3+ 34. Kf1
Bh3+ 35. Ke2 Qxf3# 0-1

[Event "FIDE World Rapid Team"]
[Site "Almaty KAZ"]
[Date "2024.08.02"]
[Round "2.7"]
[White "Mamedyarov, Shakhriyar"]
[Black "Tin, Jingyao"]
[Result "1-0"]
[WhiteTitle "GM"]
[BlackTitle "GM"]
[WhiteElo "2733"]
[BlackElo "2575"]
[WhiteTeam "Kazchess"]
[BlackTeam "Theme International Trading"]
[WhiteFideId "13401319"]
[BlackFideId "5804418"]
[EventDate "2024.08.02"]

1. d4 d5 2. c4 c6 3. Nf3 Nf6 4. Nc3 e6 5. Bg5 h6 6. Bxf6 Qxf6 7. e3 Nd7 8. Qc2
g6 9. h4 Bg7 10. O-O-O Qe7 11. Kb1 O-O 12. h5 g5 13. cxd5 cxd5 14. Bd3 b6 15. e4
dxe4 16. Bxe4 Rb8 17. d5 Nc5 18. Nd4 Bb7 19. Bf3 Qf6 20. Rhe1 Rfe8 21. Nc6 Bxc6
22. dxc6 Rbc8 23. Ne4 Nxe4 24. Bxe4 Red8 25. Rxd8+ Qxd8 26. Rd1 Qe8 27. Rd7 Be5
28. Qe2 Kh8 29. Bg6 Bf4 30. Bc2 Rxc6 31. Qd3 Kg7 32. Qg6+ 1-0

[Event "FIDE World Rapid Team"]
[Site "Almaty KAZ"]
[Date "2024.08.02"]
[Round "2.8"]
[White "Jumabayev, Rinat"]
[Black "Svidler, Peter"]
[Result "1-0"]
[WhiteTitle "GM"]
[BlackTitle "GM"]
[WhiteElo "2577"]
[BlackElo "2698"]
[WhiteTeam "Theme International Trading"]
[BlackTeam "Kazchess"]
[WhiteFideId "13702661"]
[BlackFideId "4102142"]
[EventDate "2024.08.02"]

1. d4 Nf6 2. c4 g6 3. g3 c5 4. dxc5 Qa5+ 5. Nc3 Qxc5 6. e4 d6 7. Be3 Qa5 8. f3
Bg7 9. Rc1 O-O 10. Ne2 Nc6 11. Nf4 Nh5 12. Nxh5 Qxh5 13. Bg2 Qa5 14. Qd2 Be6 15.
b3 Rfc8 16. Nd5 Qxd2+ 17. Kxd2 f5 18. exf5 Bxf5 19. h3 e6 20. Nc3 d5 21. cxd5
exd5 22. Nb5 Bf8 23. g4 Bd7 24. f4 Nb4 25. Nc7 Bc6 26. Nxa8 Rxa8 27. Bd4 Bd6 28.
Be5 Bxe5 29. fxe5 Nxa2 30. Rce1 Kf7 31. e6+ Ke7 32. Rhf1 Be8 33. Rf4 Rc8 34. Ra1
Nc3 35. Rc1 Ne4+ 36. Bxe4 Rxc1 37. Kxc1 dxe4 38. Rxe4 Bc6 39. Re5 Bg2 40. h4 h6
41. Kd2 Bh3 42. Re4 Bg2 43. Re5 Bh3 44. Re4 Bg2 45. Rf4 Kxe6 46. g5 hxg5 47.
hxg5 Ke5 48. Rf6 Be4 49. Ke3 Bc2 50. b4 Kd5 51. Rf7 Kc6 52. Rf2 Bb1 53. Rf1 Ba2
54. Rf6+ Kb5 55. Rxg6 Kxb4 56. Rg7 b5 57. Rxa7 Bg8 58. g6 Kc3 59. Rc7+ Kb3 60.
Rc8 1-0

[Event "FIDE World Rapid Team"]
[Site "Almaty KAZ"]
[Date "2024.08.02"]
[Round "2.9"]
[White "Grischuk, Alexander"]
[Black "Siddharth, Jagadeesh"]
[Result "1-0"]
[WhiteTitle "GM"]
[BlackTitle "IM"]
[WhiteElo "2708"]
[BlackElo "2516"]
[WhiteTeam "Kazchess"]
[BlackTeam "Theme International Trading"]
[WhiteFideId "4126025"]
[BlackFideId "5818320"]
[EventDate "2024.08.02"]

1. d4 Nf6 2. c4 g6 3. Nc3 d5 4. cxd5 Nxd5 5. e4 Nxc3 6. bxc3 Bg7 7. Nf3 c5 8.
Bb5+ Nc6 9. O-O O-O 10. Bxc6 bxc6 11. Qc2 cxd4 12. cxd4 Bg4 13. Ne5 Qxd4 14. Bb2
Qb6 15. Rab1 Bxe5 16. Bxe5 Qa5 17. Bc3 Qc5 18. h3 Be6 19. Kh2 Rab8 20. Rbc1 Qc4
21. a3 Rfd8 22. Bb4 c5 23. Bxc5 Qxc2 24. Rxc2 Rdc8 25. Rfc1 Rb7 26. Bb4 Rxc2 27.
Rxc2 f6 28. g4 Kf7 29. Kg3 Rd7 30. Rc3 Ba2 31. Kf3 g5 32. Kg3 Kg6 33. h4 h5 34.
gxh5+ Kxh5 35. Rc5 e5 36. hxg5 Rd3+ 37. f3 Kxg5 38. Rc6 Rd7 39. Bc5 Kg6 40. f4
exf4+ 41. Kxf4 Kg7 42. Bb4 Rd4 43. Kf5 Rc4 44. Rxf6 Bb1 45. Re6 Rxe4 46. Rxe4
Kf7 47. Bd6 1-0

[Event "FIDE World Rapid Team"]
[Site "Almaty KAZ"]
[Date "2024.08.02"]
[Round "2.10"]
[White "Wong, Zhenyong Jayden"]
[Black "Suleymenov, Alisher"]
[Result "1-0"]
[WhiteTitle "FM"]
[BlackTitle "GM"]
[WhiteElo "2397"]
[BlackElo "2461"]
[WhiteTeam "Theme International Trading"]
[BlackTeam "Kazchess"]
[WhiteFideId "5821975"]
[BlackFideId "13707833"]
[EventDate "2024.08.02"]

1. d4 d5 2. c4 e6 3. Nf3 Nf6 4. g3 dxc4 5. Bg2 a6 6. O-O b5 7. Ne5 Nd5 8. a4 Bb7
9. axb5 axb5 10. Rxa8 Bxa8 11. e4 Nf6 12. Nc3 c6 13. d5 Be7 14. dxe6 fxe6 15.
Qe2 O-O 16. Bh3 Kh8 17. Bxe6 Qe8 18. Rd1 Bb7 19. Bf4 Na6 20. Nd7 Nxd7 21. Bxd7
Qf7 22. e5 Nc5 23. e6 Qg6 24. Bd6 Qf6 25. Ne4 Nxe4 26. Bxe7 Qxe7 27. Qxe4 Rd8
28. Re1 h6 29. Bxc6 Bxc6 30. Qxc6 Rb8 31. Qd7 Rb7 32. Qc8+ Kh7 33. Qxb7 1-0

[Event "FIDE World Rapid Team"]
[Site "Almaty KAZ"]
[Date "2024.08.02"]
[Round "2.11"]
[White "Assaubayeva, Bibisara"]
[Black "Gong, Qianyun"]
[Result "1-0"]
[WhiteTitle "IM"]
[BlackTitle "WGM"]
[WhiteElo "2470"]
[BlackElo "2250"]
[WhiteTeam "Kazchess"]
[BlackTeam "Theme International Trading"]
[WhiteFideId "13708694"]
[BlackFideId "8602425"]
[EventDate "2024.08.02"]

1. c4 c5 2. Nf3 Nf6 3. Nc3 Nc6 4. d4 cxd4 5. Nxd4 e6 6. e4 Bb4 7. Nxc6 bxc6 8.
Bd3 e5 9. O-O O-O 10. h3 Rb8 11. Na4 Be7 12. c5 d6 13. cxd6 Bxd6 14. Be3 Qe7 15.
Qc2 h6 16. Rfd1 Nh5 17. Bf1 Rd8 18. Bc5 Bxc5 19. Qxc5 Qxc5 20. Nxc5 Re8 21. b3
Nf4 22. Rd6 Ne6 23. Nxe6 Bxe6 24. Rxc6 Red8 25. Ra6 Rb4 26. f3 Rb7 27. Rc1 Rd2
28. h4 Rbd7 29. Kh2 g5 30. hxg5 hxg5 31. Bb5 Rb7 32. Rc5 g4 33. Kg3 gxf3 34.
gxf3 Kg7 35. Rxe5 Kf6 36. Rc5 Rb8 37. Bc4 Rb6 38. Rxa7 Bxc4 39. Rxc4 Kg7 40. e5
Rd5 41. Kf4 Re6 42. Rcc7 Rexe5 43. Rxf7+ Kg8 44. Rg7+ Kf8 45. Rgd7 Rf5+ 46. Kg3
Rg5+ 47. Kf2 1-0

[Event "FIDE World Rapid Team"]
[Site "Almaty KAZ"]
[Date "2024.08.02"]
[Round "2.12"]
[White "Zhang, Changjie"]
[Black "Kabinazar, Nurmukhammed"]
[Result "0-1"]
[WhiteElo "1809"]
[BlackElo "2002"]
[WhiteTeam "Theme International Trading"]
[BlackTeam "Kazchess"]
[WhiteFideId "5801877"]
[BlackFideId "13750186"]
[EventDate "2024.08.02"]

1. e4 e5 2. Nc3 Nf6 3. d4 exd4 4. Qxd4 Nc6 5. Qd3 Be7 6. Bf4 d6 7. O-O-O O-O 8.
h3 Be6 9. a3 a6 10. g4 b5 11. Nd5 b4 12. Nxb4 Nxb4 13. axb4 d5 14. Bg2 dxe4 15.
Bxe4 Qxd3 16. Bxd3 Nd5 17. Ne2 Nxf4 0-1